|
|
|
|
| LEADER |
00716nam a2200241Ia 4500 |
| 008 |
141004s9999 xx 000 0 und d |
| 020 |
|
|
|a 0 582 05505 9
|
| 040 |
|
|
|c a
|
| 041 |
|
|
|a English
|
| 082 |
|
|
|a 571.2
|
| 082 |
|
|
|b WIL/AD
|
| 100 |
|
|
|a Malcolm B Wilkins
|
| 245 |
|
|
|a Advanced plant physiology
|
| 245 |
|
|
|c Malcolm B Wilkins
|
| 260 |
|
|
|a UK
|
| 260 |
|
|
|b Longman scientific and technical
|
| 260 |
|
|
|c 1984
|
| 300 |
|
|
|a 514p
|
| 300 |
|
|
|b 22.5cm
|
| 650 |
|
|
|a Physiology
|
| 942 |
|
|
|c BK
|
| 999 |
|
|
|c 171965
|d 171965
|
| 952 |
|
|
|0 0
|1 0
|4 0
|6 571_200000000000000_WIL_AD
|7 0
|8 PHY
|9 177158
|a KAUCOF
|b KAUCOF
|d 2040-10-06
|o 571.2 WIL/AD
|p KAU_COF-2069
|r 2014-10-04
|w 2014-10-04
|y BK
|